World's Easiest Capital Cities - Statistics

General Stats
  • This quiz has been taken 1,017 times
  • The average score is 20 of 30
Answer Stats
Country Answer % Correct
France Paris
99%
United Kingdom London
93%
Italy Rome
93%
United States Washington D.C.
89%
Germany Berlin
85%
Japan Tokyo
85%
Russia Moscow
81%
Spain Madrid
80%
Greece Athens
75%
China Beijing
74%
Ireland Dublin
73%
Mexico Mexico City
73%
Norway Oslo
68%
Netherlands Amsterdam
65%
India New Delhi
65%
Brazil Brasilia
63%
Portugal Lisbon
63%
Vatican City Vatican City
63%
Egypt Cairo
61%
Austria Vienna
61%
Belgium Brussels
60%
Australia Canberra
56%
Denmark Copenhagen
54%
Canada Ottawa
53%
Finland Helsinki
52%
Hungary Budapest
50%
Sweden Stockholm
49%
Poland Warsaw
49%
Argentina Buenos Aires
48%
Czech Republic Prague
47%
No matching quizzes found
Score Distribution
Percent of People with Each Score
Percentile by Number Answered
Your Score History
You have not taken this quiz